00788cam a2200193 a 450000100100000000500170001000800410002702000150006804000250008308200150010810000430012324500740016626000520024030000210029270000360031395201120034995201180046199900150057900000614720200929151942.0950830s1995 ck 001 0 spa  a9583302120 aDO-SdBNPbspacBNPHU axxxbC965c1 aCuesta Escobar, Guiomar,d1950-91727410aCeremonia del amor /cGuiomar Cuesta Escobar, Silvio Salazar Herrera. aSantafé de Bogotá :bOllave Editore,c1995. a112 p. ;c23 cm.1 aSalazar Herrera, Silvio.917275 001050718MOaGRbGRcHDd2009-08-26iLF1l0oxxx C965cp6147-10r2020-06-25w2020-06-25y1ZNo se presta 001150718MOaGRbGRcMId2017-04-24iLF1l0oxxx C965cp6147-20r2020-06-25te. 2w2020-06-25y1ZNo se presta c5943d5943